|
|
|
|
| LEADER |
00000nam a2200000Ii 4500 |
| 001 |
DIGEDUNAV0343 |
| 003 |
NyNyDIG |
| 006 |
m o d |
| 007 |
cr ||||||||||| |
| 008 |
220608s2007 sp ob 000 0 spa d |
| 035 |
|
|
|a (OCoLC)904671409
|
| 040 |
|
|
|a DGITA
|b eng
|e rda
|e pn
|c DGITA
|
| 020 |
|
|
|z 9788431325084
|
| 041 |
1 |
|
|a spa
|h ita
|
| 043 |
|
|
|a e-it---
|
| 050 |
1 |
4 |
|a KBU3320 ebook
|
| 100 |
1 |
|
|a Schouppe, Jean-Pierre,
|e author.
|
| 240 |
1 |
0 |
|a Elementi di diritto patrimoniale canonico.
|l Spanish
|s (González Ayesta and Zalbidea)
|
| 245 |
1 |
0 |
|a Derecho patrimonial canónico /
|c Jean-Pierre Schouppe ; traducción, Juan González Ayesta y Diego Zalbidea González.
|
| 264 |
|
1 |
|a Pamplona, España :
|b EUNSA, Ediciones Universidad de Navarra,
|c [2007]
|
| 300 |
|
|
|a 1 online resource.
|
| 336 |
|
|
|a text
|b txt
|2 rdacontent
|
| 337 |
|
|
|a computer
|b c
|2 rdamedia
|
| 338 |
|
|
|a online resource
|b cr
|2 rdacarrier
|
| 347 |
|
|
|a text file
|2 rdaft
|
| 347 |
|
|
|b PDF
|
| 504 |
|
|
|a Includes bibliographical references.
|
| 588 |
0 |
|
|a Online resource; title from PDF title page (Digitalia, viewed June 8, 2022)
|
| 610 |
2 |
0 |
|a Catholic Church
|x Finance.
|
| 650 |
|
0 |
|a Church property (Canon law)
|
| 655 |
|
0 |
|a Electronic books.
|
| 700 |
1 |
|
|a González Ayesta, Juan,
|d 1968-
|e translator.
|
| 700 |
1 |
|
|a Zalbidea, Diego,
|e translator.
|
| 700 |
1 |
|
|i Translation of:
|a Schouppe, Jean-Pierre.
|t Elementi di diritto patrimoniale canonico.
|
| 791 |
2 |
|
|a Digitalia (Firm),
|e distributor.
|
| 793 |
0 |
|
|g Digitalia eBook Collection:
|a Ediciones Universidad de Navarra
|
| 776 |
0 |
8 |
|i Print version:
|a Schouppe, Jean-Pierre.
|s Elementi di diritto patrimoniale canonico. Spanish (González Ayesta and Zalbidea).
|t Derecho patrimonial canónico.
|d Pamplona, España : EUNSA, Ediciones Universidad de Navarra, [2007]
|z 9788431325084
|
| 856 |
4 |
0 |
|3 Digitalia Hispánica
|u https://www.digitaliapublishing.com/a/51295/
|
| 910 |
|
|
|a Premium collection: 2022
|